| 000 | 01044nam a2200289 i 4500 | ||
|---|---|---|---|
| 001 | 192147 | ||
| 003 | ES-MaACL | ||
| 005 | 20250804062650.0 | ||
| 008 | 221107s2022 sp a | |||| 000 f spa | ||
| 017 |
_aB 4983-2022 _bOficina Depósito Legal Barcelona |
||
| 020 | _a9788432240645 | ||
| 040 | _cES-MaACL | ||
| 080 | _a821.134.2-31"19" | ||
| 100 | 1 |
_aMontero, Rosa, _d1951- _982503 _eaut |
|
| 245 | 1 | 3 |
_aEl peligro de estar cuerda / _cRosa Montero. |
| 250 | _aPrimera edición: abril de 2022, segunda reimpresión: abril de 2022 | ||
| 260 |
_aBarcelona : _bSeix Barral, _c2022. |
||
| 300 |
_a358 páginas : _bilustraciones ; _c23 cm. |
||
| 490 | 1 | _aBiblioteca breve | |
| 655 | 0 |
_aNovelas _9234319 |
|
| 830 | 1 |
_aBiblioteca breve (Seix Barral) _9227188 |
|
| 852 | 4 |
_aES-MaACL _jN-8047 _9199429 _cDEPOJ _gDedicatoria autógrafa de la autora _bR. 153320 _hDonación: Rosa Montero |
|
| 903 |
_982503 _aMontero, Rosa, _d1951- _ednr |
||
| 942 |
_cMONOGRAFIA _n0 |
||
| 999 |
_c192147 _d192147 |
||